000 003640000a22001570004500
001 001876
003 MACL
040 _aMACL
090 _c13869
_d13868
100 _aSanyal, R.K.
245 _aThe Hindu Philosophy of Sin, Salvation & Karma
_cR.K. Sanyal
260 _aCrest Publishing House,
_c2002
350 _a95
650 _aPhilosophy
942 _k181
_cBook
999 _c13792
_d13792